000
00211nam a2200109Ia 4500
100
_a
#N/A
942
_c
BK
654
_a
windows
245
_a
Windows Server 2008 Networking
260
_b
#N/A
546
_a
ENGLISH
999
_c
33008
_d
33008